000 00638nam a2200253Ia 4500
003 OSt
005 20220918210556.0
006 a|||||r|||| 00| 0
007 ta
008 220917b |||||||| |||| 00| 0 eng d
024 _a121,076
037 _cTextual
040 _aARTS
_cARTS
_beng
041 _2eng
_aeng
082 _aV73:2:N4, H5;J6
100 _aOgg
_9111979
245 0 _aIntroduction to American government ed by William H Young
250 _a11th
260 _c1945
650 _aHISTORY
700 _a Ray
_9104229
942 _hV73:2:N4, H5;J6
_cTEXL
_2CC
999 _c244305
_d244305